000
00304nam a22001337a 4500
008
170529b xxu||||| |||| 00| 0 eng d
020
_a
9780134133423
041
_a
eng
080
_2
5TH
_a
625.7/.8
100
_a
26
101
_a
IM
245
_a
AUTOMOTIVE TECHNOLOGY
_c
HALDERMAN, J.D
942
_2
udc
_c
BK
999
_c
14883
_d
14883